000 00748nam a22002057a 4500
005 20120726110842.0
010 _aG-002073
020 _a9789350290392
_c499.00
035 _aG-002073
037 _adpl
_bGift
082 _a954.91
100 _aAkbar, M.K.
_950502
245 _aTinderbox;
_bThe past and future of Pakistan/
_cby M.J. Akbar
260 _aNoida
_bHaperCollins Publishers
_c2011
270 _aA-53, Sector 57
_bNoida
_e201301
300 _a343 p.
_bnotes, index..
_c24 cm.
942 _2ddc
_cEN
_mAKB
_h954.91
999 _c68703
_d68703